000 00639nam a2200181 a 4500
001 000978756
003 AM-YeHGA
005 20250617150206.0
008 130816s1974 ru r 000 0 rus d
040 _aAM-YeHGA
041 0 _arus
245 0 0 _aАвторегуляторы в нефтяной промышленности :
_bУчебное пособие /
_cОтв. ред. С.В. Несмелов.
260 _aМосква :
_bБ. и.,
_c1974.
300 _a75 с.
653 0 _aНефтяная промышленность - Автоматизация
700 1 _aНесмелов, С. В.
_eред.
_4edt
090 _c328025
999 _c326278
_d326278